Multiple Choice City Quiz – Houston - Statistics

General Stats
  • This quiz has been taken 9,860 times
    9,856 since last reset
  • The average score is 7 of 10
Answer Stats
Question Answer % Correct
Which of these governmental functions is located in Houston? NASA Mission Control
96%
With over 2 million attendees each year, Houston is home to the world's largest... Rodeo
82%
Houston is named for .... Sam Houston, the first President of Texas
81%
What nearby port was devastated in 1900 by the deadliest hurricane in U.S. history? Galveston
74%
What Houston-based company was the subject of a major financial scandal in 2001? Enron
72%
In 1994, who married 89 year old oil tycoon J. Howard Marshall in a ceremony in Houston? Anna Nicole Smith
70%
Which of these singers is from Houston? Beyoncé
70%
Which of these universities is located in Houston? Rice
64%
Who leads Lakewood Church, one of the largest churches in the United States with a weekly attendance of 45,000? Joel Osteen
54%
The Houston Astros were the world's first sports team to ... Play on artificial turf
54%
No matching quizzes found
Score Distribution
Percent of People with Each Score
Percentile by Number Answered
Your Score History
You have not taken this quiz since the last reset